<?xml version="1.0" encoding="UTF-8"?>
<collection xmlns="http://www.loc.gov/MARC21/slim">
 <record>
  <leader>01949naa a2200253 i 4500</leader>
  <controlfield tag="001">acta67199</controlfield>
  <controlfield tag="005">20211122093340.0</controlfield>
  <controlfield tag="008">200526s2014    hu      o     0||   hun d</controlfield>
  <datafield tag="020" ind1=" " ind2=" ">
   <subfield code="a">978-963-306-283-8</subfield>
  </datafield>
  <datafield tag="022" ind1=" " ind2=" ">
   <subfield code="a">2064-4825</subfield>
  </datafield>
  <datafield tag="040" ind1=" " ind2=" ">
   <subfield code="a">SZTE Egyetemi Kiadványok Repozitórium</subfield>
   <subfield code="b">hun</subfield>
  </datafield>
  <datafield tag="041" ind1=" " ind2=" ">
   <subfield code="a">hun</subfield>
  </datafield>
  <datafield tag="041" ind1=" " ind2=" ">
   <subfield code="a">eng</subfield>
  </datafield>
  <datafield tag="100" ind1="1" ind2=" ">
   <subfield code="a">Zima András</subfield>
  </datafield>
  <datafield tag="245" ind1="1" ind2="0">
   <subfield code="a">&quot;Souvajsz Jeruzsálemben&quot; </subfield>
   <subfield code="h">[elektronikus dokumentum] :</subfield>
   <subfield code="b">a Szentföld modern átértelmezései a magyar nyelvű neológ és cionista sajtóban /</subfield>
   <subfield code="c"> Zima András</subfield>
  </datafield>
  <datafield tag="260" ind1=" " ind2=" ">
   <subfield code="c">2014</subfield>
  </datafield>
  <datafield tag="300" ind1=" " ind2=" ">
   <subfield code="a">88-96</subfield>
  </datafield>
  <datafield tag="490" ind1="0" ind2=" ">
   <subfield code="a">A vallási kultúrakutatás könyvei</subfield>
  </datafield>
  <datafield tag="490" ind1="0" ind2=" ">
   <subfield code="a">Hagyományláncolat és modernitás</subfield>
  </datafield>
  <datafield tag="520" ind1="3" ind2=" ">
   <subfield code="a">Modern Hungarian Jewry, similarly to modern European Jewry, integrated into the denominational framework of the modern state by the end of the 19th century. Nevertheless, the communal remembrance of the scattering (‘galuth’) played a significant role in their collective consciousness reinterpreted according to modern views. In my study I have investigated the attitude of modern, urban editor and publisher elite to the Holy Land and to Holy Places in the Holy Land appearing around Zionist and neolog publications regarding articles and reports on journeys to the Holy Land.As sources for my research I have chosen the neolog social weekly paper ‘Egyenlőség’ (Equality), which is close to but not institutionally attached to and in fact often representing different point of view as opposed to the Israelite Community of Pest; ‘Zsidó Szemle’ (Jewish Review) - the official journal of the Hungarian Zionist Organization and the cultural Zionist ‘Múlt és Jövő’ (Past and Future).</subfield>
  </datafield>
  <datafield tag="650" ind1=" " ind2="4">
   <subfield code="a">Bölcsészettudományok</subfield>
  </datafield>
  <datafield tag="650" ind1=" " ind2="4">
   <subfield code="a">Egyéb bölcsészettudományok</subfield>
  </datafield>
  <datafield tag="695" ind1=" " ind2=" ">
   <subfield code="a">Jeruzsálem, Zsidók története, Sajtótörténet - magyar</subfield>
  </datafield>
  <datafield tag="856" ind1="4" ind2="0">
   <subfield code="u">http://acta.bibl.u-szeged.hu/67199/1/vallasi_kulturakutatas_konyvei_011_088-096.pdf</subfield>
   <subfield code="z">Dokumentum-elérés </subfield>
  </datafield>
 </record>
</collection>
